Úvod do moderní barmštiny
Saved in:
| Format: | Book |
|---|---|
| Language: | Czech |
| Published: |
Praha
Academia
1983
|
| Series: | Malé učebnice Nového Orientu
|
| Tags: |
No Tags, Be the first to tag this record!
|
MARC
| LEADER | 00000nam a2200000 4500 | ||
|---|---|---|---|
| 001 | c110226 | ||
| 005 | 20250707100757.9 | ||
| 041 | 0 | |a cze | |
| 044 | |a CZ | ||
| 245 | 1 | 0 | |a Úvod do moderní barmštiny |c Jan Bečka |
| 264 | 1 | |a Praha |b Academia |c 1983 | |
| 300 | |a 136 s. | ||
| 490 | 1 | |a Malé učebnice Nového Orientu | |
| 830 | 0 | |a Malé učebnice Nového Orientu | |